Landkreise mit Kreissitz und Kfz-Kennzeichen Sachsens - Statistiken

Allgemein
  • Dieses Quiz wurde 19 mal gespielt
  • Das Durchschnittsergebnis liegt bei 26 aus 36
Antwortstatistiken
Antworten % Korrekt
C
100%
DD
100%
L
100%
L, BNA, GHA, GRM, MTL, WUR
100%
PIR, DW, FTL, SEB
93%
Bautzen
86%
Plauen
86%
BZ, BIW, HY, KM
79%
ERZ, ANA, ASZ, AU, MAB, MEK, STL, SZB, ZP
79%
Görlitz
79%
GR, LÖB, NOL, NY, WSW, ZI
79%
Pirna
79%
V, AE, OVL, PL, RC
79%
Z, GC, HOT, WDA
79%
Zwickau
79%
kreisfreie Stadt Chemnitz
71%
kreisfreie Stadt Dresden
71%
kreisfreie Stadt Leipzig
71%
Landkreis Bautzen
71%
Landkreis Leipzig
71%
MEI, GRH, RG, RIE
71%
Meißen
71%
Landkreis Mittelsachsen
64%
Landkreis Nordsachsen
64%
Vogtlandkreis
64%
Freiberg
57%
Landkreis Görlitz
57%
Landkreis Meißen
57%
Landkreis Zwickau
57%
Torgau
57%
Annaberg-Buchholz
50%
Borna
50%
Erzgebirgskreis
50%
Landkreis Sächsische Schweiz-Osterzgebirge
50%
FG, BED, DL, FLÖ, HC, MW, RL
43%
TDO, DZ, EB, OZ, TG, TO
36%
Keine übereinstimmenden Quizze gefunden
Verteilung der Resultate
Anzahl Personen mit jedem Resultat
Perzentil nach korrekt beantworteten Fragen
Ihre Resultats-Entwicklung
Sie haben dieses Quiz noch nicht gespielt